Incomplete Fast Food Chains Quiz Stats

 Plays Quiz Updated Sep 18, 2018

Score 0/25 Timer 03:00
2 Plays Today
Question Answer Wrong Answers
___ Hut Pizza
97.7%
Pancake
0.1%
Price
0.1%
Pappa's
0.1%
Burger ___ King
97.5%
Kenya
0.1%
Knee
0.1%
Knight
0.3%
Dunkin' ___ Donuts
97.3%
Ducks
0.2%
Donkeys
0.3%
Days
0.1%
Hot Dog on a ____ Stick
97.1%
Starship
0.4%
Sacrifice
0.1%
Sale
0.3%
Dairy ___ Queen
96.7%
Query
0.6%
Quack
0.4%
Quizzes
0.2%
Taco ___ Bell
96.5%
Bull
0.3%
Bill
0.5%
Ball
0.8%
Chipotle ____ Grill Mexican
96.3%
Malay
0.5%
Mayan
0.9%
Micronesian
0.2%
Jimmy John's Gourmet ___ Sandwiches
96.2%
Sandworms
0.8%
Saints
0.5%
Santas
0.3%
___ n' Shake Steak
96.2%
Sausage
0.9%
Salmon
0.4%
Selfie
0.4%
___ Caesar's Pizza Little
95.8%
Lilliputian
0.5%
Light
1.1%
Limited
0.5%
Panda ___ Express
95.7%
Egg
0.7%
Evolution
0.5%
Eaters
0.9%
___ John Silver's Long
95.6%
Late
0.9%
Lovely
1.2%
Loser
0.3%
___ in the Box Jack
94.3%
Jazz
0.5%
Juice
3%
Jeopardy
0.2%
___ Castle White
94.3%
Whey
1.5%
Wayne
1.4%
Warden
0.7%
Baskin-___ Robbins
92.6%
Roberts
1.5%
Rogers
1.3%
Raskin
2.4%
Einstein Bros. ___ Bagels
92.2%
Breads
3.6%
Bridges
0.8%
Browns
1.1%
Church's ____ Chicken
92%
Cheetah
1.1%
Cat
1.5%
Cow
3.2%
Cold ___ Creamery Stone
91.5%
Sharon
0.6%
Sun
2.4%
Sea
3.3%
Jamba ___ Juice
91%
Journey
0.8%
Joy
4.4%
Jet
1.5%
___ Louisiana Kitchen Popeyes
90.6%
Plutos
3%
Palpatine's
3.3%
Pikachu's
0.8%
El ___ Loco Pollo
90%
Paulo
4.6%
Phil
0.8%
Philly
2.5%
Panera ___ Bread
87.7%
Buffet
7.3%
Ball
1%
Banana
1.8%
Auntie ___ Anne's
82.1%
Amanda's
5.7%
Amy's
7.8%
Ashley's
2.1%
Golden ___ Spoon
70.2%
Sparrow
7.5%
Starfish
3.7%
State
16.3%
The Pita ___ Pit
57.2%
Palace
39.1%
Prison
0.3%
Punch
1.2%

You're not logged in!

Compare scores with friends on all Sporcle quizzes.
OR
Log In

Sporcle TV

Today on Sporcle TV


Watch our educational content, quiz creation guides, and fun videos on Sporcle TV.

Show Comments

Extras

Top Quizzes Today


Score Distribution

Your Account Isn't Verified!

In order to create a playlist on Sporcle, you need to verify the email address you used during registration. Go to your Sporcle Settings to finish the process.

Report this User

Report this user for behavior that violates our Community Guidelines.

Details: